| 000 | 00520nam a2200205 a 4500 | ||
|---|---|---|---|
| 001 | BRCA_5693 | ||
| 005 | 20190320205201.0 | ||
| 008 | 020311s1920----gw-#######---#001-0#ger-# | ||
| 041 | _ager | ||
| 044 | _agw | ||
| 050 | 4 |
_aPD674 _b.R68 1920 |
|
| 100 | 1 |
_aRothschilds, L. _914462 |
|
| 245 | 1 | 0 |
_aTaschenbuch für kaufleute _cL. Rothschilds. |
| 260 |
_aLeipzig _bG. A. Gloeckner _c1920 |
||
| 300 |
_a1,420 p. _bil. _c25 cm. |
||
| 500 | _aIncluye índice alfabético | ||
| 501 | _aH16 | ||
| 902 | _aGFM | ||
| 942 |
_2lcc _cB |
||
| 999 |
_c5386 _d5386 |
||